[Event "AUTO-OPEN-2082"]
[Site "http://www.queenalice.com/game.php?id=823203"]
[Date "2010.8.25"]
[Round "1"]
[White "johndavidtelker"]
[Black "RXKollar"]
[Result "1-0"]
[WhiteElo "1708"]
[BlackElo "1430"]

1. d4 Nf6 2. f4 d5 3. Nf3 Nc6 4. Nc3 Bf5 5. a3 e6 6. b4 b5 7. Nxb5 a6 8. Nc3 Bd6
9. e3 O-O 10. Bb2 Ng4 11. Qe2 Qc8 12. Na4 Rb8 13. c4 Nf6 14. c5 Be7 15. Ne5 Nxe5
16. dxe5 Ne4 17. Bd4 Bh4+ 18. g3 Be7 19. Bg2 c6 20. Nb6 Qc7 21. Qxa6 Rb7 22. Rg1
Ra7 23. Qe2 Qb7 24. Qb2 Bd8 25. a4 Bc7 26. a5 h6 27. Bf1 Qb8 28. Nd7 Qa8 29.
Nxf8 Kxf8 30. b5 Rxa5 31. Rxa5 Bxa5+ 32. Ke2 Bg4+ 33. Kd3 cxb5 34. Qxb5 Nf2+ 35.
Kc2 Bf5+ 36. Kb3 Bd2 37. Be2 Nh3 38. Rd1 Qa5 39. Qxa5 Bxa5 40. Ra1 Bc7 41. Ra7
Bd8 42. c6 g5 43. c7 Bxc7 44. Rxc7 Kg7 45. Kc3 Nf2 46. Kd2 Ne4+ 47. Ke1 gxf4 48.
exf4 h5 49. Bxh5 Bg6 50. Bxg6 Kxg6 51. Ke2 Kg7 52. Kf3 Kg6 53. g4 Kg7 54. h4 Kg6
55. h5+ Kg7 56. g5 Nd2+ 57. Kg4 Nc4 58. g6 Na3 59. Rxf7+ Kg8 60. Re7 Nb5 61. Bb2
d4 62. Rd7 Kf8 63. Bxd4 Ke8 64. Rd6 Nxd6 65. exd6 Kd7 66. Be5 Kd8 67. g7 Kd7 68.
g8=Q Kc6 69. Qxe6 Kc5 70. d7 Kb5 71. Qd6 Kc4 72. d8=Q Kb5 73. Q6c7 Kb4 74. Qdb8+
Ka4 75. Qca7# 1-0

[Event "AUTO-OPEN-2082"]
[Site "http://www.queenalice.com/game.php?id=823204"]
[Date "2010.8.25"]
[Round "1"]
[White "RXKollar"]
[Black "johndavidtelker"]
[Result "0-1"]
[WhiteElo "1437"]
[BlackElo "1709"]

1. d4 Nf6 2. c4 d6 3. Nc3 Bf5 4. Nf3 e6 5. Ng5 Be7 6. e4 Bg6 7. Bd3 O-O 8. O-O
Nc6 9. d5 exd5 10. cxd5 Ne5 11. Bc2 a6 12. f4 Ned7 13. Qf3 h6 14. f5 Bh7 15. Be3
hxg5 16. Bxg5 Ne5 17. Qg3 Kh8 18. Ne2 Nh5 19. Bxe7 Qxe7 20. Qh3 Nf6 21. Nf4 Nfg4
22. Bd1 Qg5 23. Rf3 Nxf3+ 24. Qxf3 Ne5 25. Qe3 Qf6 26. Kf2 Rae8 27. Rc1 Ng4+ 28.
Bxg4 Qe7 29. g3 Qxe4 30. Qxe4 Rxe4 31. Rxc7 Rb8 32. Rxf7 Bg8 33. Ng6+ Kh7 34.
Kf3 Rxg4 35. Nf8+ Rxf8 36. Rxf8 Rd4 37. g4 Bxd5+ 38. Ke3 Rxg4 39. Rd8 Bc6 40.
Rxd6 Rg2 41. Rd2 Rxd2 42. Kxd2 Be4 43. Ke3 Bxf5 44. Kf4 g6 45. Kg5 b6 46. b4 a5
47. a3 a4 48. h4 Bd3 49. h5 gxh5 50. Kxh5 Kg7 51. Kg5 Kf7 52. Kf4 Ke6 53. Ke3
Bf1 54. Kd4 b5 55. Kc5 Ke5 56. Kb6 Kd4 57. Kc6 Kc3 58. Kc5 Kb3 59. Kd4 Kxa3 60.
Kc3 Ka2 61. Kc2 a3 62. Kc3 Kb1 63. Kb3 a2 64. Ka3 a1=Q+ 65. Kb3 Qb2# 0-1

[Event "AUTO-OPEN-2082"]
[Site "http://www.queenalice.com/game.php?id=823221"]
[Date "2010.8.25"]
[Round "1"]
[White "juim"]
[Black "RXKollar"]
[Result "1-0"]
[WhiteElo "1602"]
[BlackElo "1350"]

1. e4 c5 2. d4 cxd4 3. Qxd4 Nc6 4. Qd1 e5 5. Bb5 Bc5 6. Bxc6 bxc6 7. Nc3 Qf6 8.
Qf3 Qe6 9. Nge2 Nf6 10. Be3 Bb4 11. O-O d5 12. a3 Bxc3 13. Nxc3 d4 14. Bg5 Rb8
15. b4 dxc3 16. Qxc3 Nxe4 17. Qe3 Nxg5 18. Qxg5 O-O 19. Rfe1 Re8 20. Rad1 f6 21.
Qh5 Qa2 22. Qxe8# 1-0

[Event "AUTO-OPEN-2082"]
[Site "http://www.queenalice.com/game.php?id=823222"]
[Date "2010.8.25"]
[Round "1"]
[White "RXKollar"]
[Black "juim"]
[Result "0-1"]
[WhiteElo "1385"]
[BlackElo "1777"]

1. d4 d5 2. c4 dxc4 3. e4 Nc6 4. Nf3 e6 5. Bxc4 Bb4+ 6. Nc3 Bxc3+ 7. bxc3 Nf6 8.
Bg5 Na5 9. Bb5+ Bd7 10. Bxd7+ Qxd7 11. Ne5 Qe7 12. Qa4+ c6 13. Qxa5 h6 14. Bh4
g5 15. Bg3 Nxe4 16. O-O f6 17. Ng6 Qg7 18. Qb4 Qxg6 19. Bc7 Qf7 20. Qxb7 O-O 21.
Qxc6 Rac8 22. Qxe4 Rxc7 23. Qe3 Re8 24. Rfe1 a5 25. a4 Rc4 26. g3 Rec8 27. Qxe6
Qxe6 28. Rxe6 Kf7 29. Re3 Rxc3 30. Rxc3 Rxc3 31. Rd1 Rc4 32. d5 Ke7 33. d6+ Kd7
34. Rd5 Rxa4 35. Kg2 Ra1 36. Kf3 h5 37. Ke4 a4 38. Kf5 Rc1 39. Ra5 Re1 40. Ra7+
Kxd6 41. Rxa4 Re2 42. Kxf6 g4 43. Ra6+ Kc7 44. Kg5 Rxf2 45. Kxh5 Kb7 46. Re6
Rxh2+ 47. Kxg4 Kc7 48. Kf4 Kd7 49. Re3 Kd6 50. g4 Kd5 51. g5 Rf2+ 52. Rf3 Rh2
53. Rg3 Rh8 0-1

[Event "AUTO-BEG-418"]
[Site "http://www.queenalice.com/game.php?id=823643"]
[Date "2010.8.26"]
[Round "1"]
[White "McKubik"]
[Black "RXKollar"]
[Result "0-1"]
[WhiteElo "1211"]
[BlackElo "1290"]

1. e4 c5 2. Nc3 e5 3. Qh5 Nc6 4. Nf3 d6 5. Ng5 g6 6. Qf3 Nf6 7. Bc4 Nd4 8. Nxf7
Nxf3+ 9. gxf3 Qe7 10. Nxh8 Be6 11. Bb5+ Nd7 12. Rg1 Bg7 13. Nxg6 hxg6 14. Rxg6
O-O-O 15. d3 Bf6 16. Be3 Rg8 17. Rh6 Rg1+ 18. Kd2 Rxa1 19. a3 Nb6 20. f4 a6 21.
Bc4 Nxc4+ 22. dxc4 Bxc4 23. fxe5 Bxe5 24. Nd5 Qf7 25. Bg5 Qxf2# 0-1

[Event "AUTO-BEG-418"]
[Site "http://www.queenalice.com/game.php?id=823644"]
[Date "2010.8.26"]
[Round "1"]
[White "RXKollar"]
[Black "McKubik"]
[Result "1-0"]
[WhiteElo "1336"]
[BlackElo "1272"]

1. e4 e5 2. Nf3 Nc6 3. Bb5 Qf6 4. d3 Nb4 5. a3 Nc6 6. Bg5 Qd6 7. Nc3 f6 8. Bh4
a6 9. Ba4 b5 10. Bb3 Nh6 11. O-O g5 12. Bg3 Qc5 13. Nd5 Ra7 14. Nxf6+ Kd8 15.
Bd5 Ne7 16. Nxe5 d6 17. d4 Qb6 18. Nf3 Bg7 19. e5 Bxf6 20. exf6 Nef5 21. c3 Rf8
22. Nxg5 Rxf6 23. Ne6+ Bxe6 24. Bf3 Nxg3 25. fxg3 c5 26. Kh1 cxd4 27. cxd4 Bc4
28. Re1 Nf5 29. Re4 Rh6 30. b3 Bd5 31. Rf4 Ne3 32. Qe1 Nc2 33. Rf8+ Kd7 34. Qe8+
Kc7 35. Qc8# 1-0

[Event "AUTO-BEG-418"]
[Site "http://www.queenalice.com/game.php?id=823659"]
[Date "2010.8.26"]
[Round "1"]
[White "RXKollar"]
[Black "dlabedz"]
[Result "0-1"]
[WhiteElo "1364"]
[BlackElo "1148"]

1. e4 e5 2. Nf3 f6 3. d4 exd4 4. Nxd4 c5 5. Nb3 b6 6. Nc3 Bb7 7. Bb5 Bc6 8. Bc4
Ne7 9. Nd5 b5 10. Nxe7 Bxe7 11. Bd5 c4 12. Nd4 Bxd5 13. exd5 O-O 14. Bf4 a6 15.
Qg4 d6 16. Ne6 g6 17. Nxd8 Bxd8 18. O-O f5 19. Qh3 Rf6 20. Rfe1 Nd7 21. Bxd6
Rxd6 22. Rad1 Bf6 23. c3 Ne5 24. f4 Nd3 25. Re2 Nxf4 26. Qe3 Nxe2+ 27. Qxe2 Rad8
28. Qf3 h5 29. Kf2 Bg7 30. Ke3 Re8+ 31. Kf2 Re4 32. g3 b4 33. h3 bxc3 34. bxc3
a5 35. a4 Bh6 36. Rd4 Re3 37. Qxe3 Bxe3+ 38. Kxe3 Kg7 39. Kf4 Kf6 40. Rxc4 g5+
41. Ke3 h4 42. Rc6 Ke7 43. gxh4 Rxd5 44. hxg5 Re5+ 45. Kf4 Re4+ 46. Kxf5 Rxa4
47. Re6+ Kf7 48. g6+ Kg7 49. Re7+ Kh8 50. Re4 Ra3 51. Kf6 Rxc3 52. g7+ Kg8 0-1

[Event "AUTO-BEG-418"]
[Site "http://www.queenalice.com/game.php?id=823660"]
[Date "2010.8.26"]
[Round "1"]
[White "dlabedz"]
[Black "RXKollar"]
[Result "0-1"]
[WhiteElo "1255"]
[BlackElo "1423"]

1. d4 g6 2. d5 e6 3. c4 Bg7 4. e4 d6 5. Qd2 c6 6. Nc3 cxd5 7. cxd5 exd5 8. Qxd5
Ne7 9. Qb5+ Nd7 10. Na4 O-O 11. Nf3 b6 12. Nd4 Bxd4 13. Qg5 Bf6 14. Qh6 Bb7 15.
g4 Bxe4 16. Rg1 b5 17. Nc3 Bg7 18. Qf4 Bb7 19. h4 Re8 20. Be3 a6 21. O-O-O Rc8
22. Rxd6 Bxc3 23. Bd3 Be5+ 24. Bc2 Bxf4 25. Bxf4 Rc6 26. h5 Qc8 27. Rgd1 Rxc2+
28. Kb1 Be4 29. Rxd7 Rc1# 0-1

[Event "AUTO-BEG-418"]
[Site "http://www.queenalice.com/game.php?id=823661"]
[Date "2010.8.26"]
[Round "1"]
[White "RXKollar"]
[Black "kinggeorge"]
[Result "1-0"]
[WhiteElo "1457"]
[BlackElo "1305"]

1. e4 Nf6 2. e5 Ne4 3. Qg4 d5 4. Bd3 Bxg4 5. f3 Bh5 6. fxe4 e6 7. exd5 Qh4+ 8.
g3 Qd4 9. dxe6 Qxe5+ 10. Ne2 fxe6 11. Nc3 Bc5 12. b3 Rf8 13. Bb2 Qf6 14. O-O-O
a5 15. Ne4 Qf3 16. Nxc5 Nc6 17. Nxe6 Rf7 18. N2f4 Qd5 19. Rde1 Rxf4 20. Nxf4+
Ne7 21. Nxd5 b5 22. Bxb5+ Kd8 23. Rxe7 Bf3 24. Rd7+ Kc8 25. Nxc7 Rb8 26. Re1
Rxb5 27. Ree7 Bg4 28. Nxb5 Bxd7 29. Nd6+ Kd8 30. Rxg7 Kc7 31. Be5 Kc6 32. Rxh7
Be6 33. Ne4 Kd5 34. d4 Bf5 35. Nf6+ Ke6 36. g4 Bg6 37. Rh6 Bf7 38. c4 Ke7 39. c5
Bd5 40. g5 Be6 41. c6 Kd8 42. c7+ Kc8 43. Rh8+ Kb7 44. d5 Bc8 45. d6 Be6 46. g6
Kb6 47. d7 Kb5 48. c8=Q Kb4 49. Qb8+ Kc5 50. d8=Q a4 51. Qdc7# 1-0

[Event "AUTO-BEG-418"]
[Site "http://www.queenalice.com/game.php?id=823662"]
[Date "2010.8.26"]
[Round "1"]
[White "kinggeorge"]
[Black "RXKollar"]
[Result "1-0"]
[WhiteElo "1285"]
[BlackElo "1373"]

1. e3 e5 2. Nc3 d5 3. Qf3 Nf6 4. Nh3 Bg4 5. Qg3 Bd6 6. f3 e4 7. Qh4 exf3 8. Qg5
fxg2 9. Bxg2 g6 10. Rf1 Bxh3 11. Bxh3 Nc6 12. Rxf6 Be7 13. Nxd5 h6 14. Qg2 Bxf6
15. Nxf6+ Qxf6 16. a4 O-O 17. b3 Ne5 18. Bb2 Qh4+ 19. Ke2 Nc6 20. Rf1 Nb4 21.
Rf4 Qe7 22. Qg4 Rad8 23. Qh4 g5 24. Qxh6 Rxd2+ 25. Kxd2 Rd8+ 26. Ke2 f6 27. Bxf6
Qh7 28. Be6+ 1-0

[Event "Challenge"]
[Site "http://www.queenalice.com/game.php?id=839960"]
[Date "2010.9.30"]
[Round "-"]
[White "RXKollar"]
[Black "rxk"]
[Result "0-1"]
[WhiteElo "1366"]
[BlackElo "2021"]

1. e4 c5 2. Nf3 d6 3. b3 e6 4. Nc3 Nc6 5. Bc4 Nf6 6. Bb2 Be7 7. O-O O-O 8. Re1
a6 9. Ng5 b5 10. Bf1 h6 11. Nf3 Bb7 12. d4 cxd4 13. Nxd4 Ne5 14. h3 b4 15. Na4
Nxe4 16. Nf3 Nxf3+ 17. Qxf3 Qc7 18. Rxe4 Bxe4 19. Qxe4 d5 20. Qg4 e5 21. Bd3 Bf6
22. Re1 Rfe8 23. f3 Re6 24. Qf5 Kf8 25. Qh7 Rae8 26. Bxa6 e4 27. Bb5 Rb8 28. c4
Qg3 29. Qh8+ Ke7 30. Bxf6+ Kxf6 31. Qh7 Qxe1+ 32. Kh2 exf3 33. Qd3 f2 34. Qf3+
Ke7 0-1

[Event "AUTO-OPEN-2124"]
[Site "http://www.queenalice.com/game.php?id=842087"]
[Date "2010.10.5"]
[Round "1"]
[White "technicaldraw"]
[Black "RXKollar"]
[Result "1-0"]
[WhiteElo "1987"]
[BlackElo "1468"]

1. e4 c5 2. Nf3 Nc6 3. d4 cxd4 4. Nxd4 Nf6 5. Nc3 e5 6. Ndb5 a6 7. Nd6+ Bxd6 8.
Qxd6 b5 9. Bg5 Nd4 10. O-O-O Nc6 11. Nd5 Nxe4 12. Nc7+ 1-0

[Event "AUTO-OPEN-2124"]
[Site "http://www.queenalice.com/game.php?id=842088"]
[Date "2010.10.5"]
[Round "1"]
[White "RXKollar"]
[Black "technicaldraw"]
[Result "0-1"]
[WhiteElo "1470"]
[BlackElo "2068"]

1. e4 c5 2. b3 d6 3. Bb2 Nf6 4. f4 Nxe4 5. d3 Nf6 6. Nd2 g6 7. Be2 Bg7 8. Ngf3
Nc6 9. Ne4 O-O 10. O-O Nxe4 11. Bxg7 Kxg7 12. dxe4 a6 13. c3 b5 14. Ng5 h6 15.
Nf3 Qb6 16. Nh4 Nd8 17. f5 g5 18. Nf3 f6 19. c4 Bb7 20. Qd3 Nf7 21. Nd2 Ne5 22.
Qc3 b4 23. Qh3 a5 24. Bf3 a4 25. Rfe1 axb3 26. axb3 Ra3 27. Bh5 Rfa8 28. Rxa3
bxa3 29. Qc3 a2 30. Qa1 Qb4 0-1

[Event "AUTO-OPEN-2124"]
[Site "http://www.queenalice.com/game.php?id=842107"]
[Date "2010.10.5"]
[Round "1"]
[White "McKubik"]
[Black "RXKollar"]
[Result "1-0"]
[WhiteElo "1492"]
[BlackElo "1416"]

1. e4 c5 2. Bc4 e6 3. Qf3 Nc6 4. c3 Nf6 5. Nh3 d5 6. exd5 exd5 7. Bb3 b5 8. O-O
Be7 9. Ng5 c4 10. Bd1 Bg4 11. Qf4 Bd6 12. Qe3+ Ne5 13. d4 cxd3 14. h3 Bf5 15.
Na3 a6 16. g4 Be6 17. f4 Bxa3 18. bxa3 Nc4 19. Qxd3 O-O 20. Rb1 Qb6+ 21. Kg2 Bd7
22. Re1 a5 23. Re7 Ne4 24. Nxe4 dxe4 25. Qxe4 Bc6 26. Bc2 Bxe4+ 27. Bxe4 Rad8
28. g5 Qd6 29. Re5 Nxe5 30. Bf5 Nc4 31. Rxb5 Nxa3 32. Rxa5 Nc4 33. Ra7 Qc6+ 34.
Kg3 1-0

[Event "AUTO-OPEN-2124"]
[Site "http://www.queenalice.com/game.php?id=842108"]
[Date "2010.10.5"]
[Round "1"]
[White "RXKollar"]
[Black "McKubik"]
[Result "0-1"]
[WhiteElo "1430"]
[BlackElo "1478"]

1. e4 e5 2. Nf3 Nc6 3. Bb5 Qf6 4. a3 a6 5. Ba4 Bc5 6. c3 d6 7. d4 Bb6 8. Bg5 Qe6
9. d5 Qg4 10. O-O f6 11. Bh4 Qxe4 12. Bc2 Qc4 13. b3 Qf4 14. dxc6 bxc6 15. Nbd2
Bg4 16. Bg3 Qh6 17. Be4 d5 18. Bc2 Ne7 19. Qe1 e4 20. Nd4 Bxd4 21. cxd4 Nf5 22.
b4 Nxd4 23. Ba4 O-O 24. Nb3 Nc2 25. Qc3 Nxa1 26. Nxa1 Rac8 27. Qxc6 f5 28. Qxd5+
Rf7 29. Bb3 Rf8 30. Bxc7 Be2 31. Re1 Bb5 32. Bd6 Rd8 33. Qxf7+ Kh8 0-1

[Event "AUTO-INT-1835"]
[Site "http://www.queenalice.com/game.php?id=842159"]
[Date "2010.10.5"]
[Round "1"]
[White "RXKollar"]
[Black "fornov_ik"]
[Result "1-0"]
[WhiteElo "1469"]
[BlackElo "1457"]

1. e4 e5 2. Nf3 Nc6 3. Bb5 Nf6 4. Nc3 Bb4 5. Bxc6 Bxc3 6. Bxd7+ Qxd7 7. bxc3
Nxe4 8. Nxe5 Qf5 9. Qe2 Qxe5 10. f3 Bf5 11. fxe4 Bxe4 12. Bb2 O-O 13. O-O-O Rfe8
14. c4 Qa5 15. Qg4 Bf5 16. Qxg7# 1-0

[Event "AUTO-INT-1835"]
[Site "http://www.queenalice.com/game.php?id=842160"]
[Date "2010.10.5"]
[Round "1"]
[White "fornov_ik"]
[Black "RXKollar"]
[Result "1-0"]
[WhiteElo "1520"]
[BlackElo "1485"]

1. e4 c5 2. Bc4 Nf6 3. Nc3 e6 4. e5 d5 5. Bb5+ Bd7 6. exf6 Qxf6 7. Qf3 a6 8.
Qxf6 gxf6 9. Bxd7+ Nxd7 10. d3 O-O-O 11. Bd2 Bg7 12. f4 Nb6 13. O-O-O f5 14. Nf3
Kb8 15. h3 h6 16. h4 h5 17. Ne2 c4 18. Ng5 cxd3 19. cxd3 Rc8+ 20. Bc3 Bxc3 21.
bxc3 f6 22. Nxe6 1-0

[Event "AUTO-INT-1835"]
[Site "http://www.queenalice.com/game.php?id=842161"]
[Date "2010.10.5"]
[Round "1"]
[White "RXKollar"]
[Black "horsemen"]
[Result "0-1"]
[WhiteElo "1468"]
[BlackElo "1458"]

1. e4 Nf6 2. e5 Nd5 3. Bc4 Nf4 4. Qg4 Ne6 5. Nf3 c6 6. Nc3 d5 7. exd6 Qxd6 8. d3
b5 9. Bb3 g6 10. Ne4 Qd7 11. Qh4 Na6 12. Nfg5 h6 13. Nxe6 fxe6 14. O-O Nb4 15.
a3 Nxc2 0-1

[Event "AUTO-INT-1835"]
[Site "http://www.queenalice.com/game.php?id=842162"]
[Date "2010.10.5"]
[Round "1"]
[White "horsemen"]
[Black "RXKollar"]
[Result "1-0"]
[WhiteElo "1474"]
[BlackElo "1452"]

1. e4 c5 2. Nf3 Nc6 3. Bc4 e6 4. d3 Nf6 5. e5 d5 6. Bb5 Nd7 7. c4 dxc4 8. dxc4
a6 9. Ba4 Qa5+ 10. Nc3 b5 11. cxb5 axb5 12. Bb3 Be7 13. O-O O-O 14. a4 b4 15.
Nb5 1-0

[Event "AUTO-INT-1835"]
[Site "http://www.queenalice.com/game.php?id=842163"]
[Date "2010.10.5"]
[Round "1"]
[White "RXKollar"]
[Black "RodriguesL"]
[Result "0-1"]
[WhiteElo "1383"]
[BlackElo "1360"]

1. e4 e5 2. Nf3 d6 3. d4 Nc6 4. Bb5 Bd7 5. d5 Nce7 6. Nc3 Ng6 7. Qd3 N8e7 8. Be3
Ng8 9. O-O Be7 10. a4 Nf6 11. Ng5 O-O 12. f4 exf4 13. Bxf4 Nxf4 14. Rxf4 Nh5 15.
Rh4 Bxg5 0-1

[Event "AUTO-INT-1835"]
[Site "http://www.queenalice.com/game.php?id=842164"]
[Date "2010.10.5"]
[Round "1"]
[White "RodriguesL"]
[Black "RXKollar"]
[Result "1-0"]
[WhiteElo "1350"]
[BlackElo "1403"]

1. e4 c5 2. Bc4 Nf6 3. e5 Ne4 4. Qf3 d5 5. Bb5+ Bd7 6. Bd3 Ng5 7. Qe2 Nc6 8. Nf3
Nxf3+ 9. Qxf3 e6 10. Qe2 g6 11. O-O Bg7 12. Bb5 Nxe5 13. Nc3 O-O 14. Na4 Qh4 15.
Nxc5 Bxb5 16. Qxb5 1-0